000 00756nam a2200229 i 4500
001 128470
003 ES-MaACL
005 20251015063129.0
007 t|
008 070514s1957 sp ||||1| spa d
080 _a7.01
080 _a71.(45)"14/15"
100 1 _aTaine, Hippolyte,
_d1828-1893
_9109085
245 1 0 _aFilosofía del arte /
_cHippolyte Taine ; traducción del francés por Isabel Gil de Ramales ; nota preliminar de Arturo del Hoyo.
260 _aMadrid :
_bAguilar,
_c1957.
300 _a749 p. :
_bil. ;
_c14 cm.
650 1 4 _aArte-
_xFilosofía.
_910099
700 1 _aHoyo, Arturo del,
_d1917-2004
_964424
700 1 _aGil de Ramales, Isabel.
_956799
852 _aES-MaACL
_jD-6225
_bR.41267
999 _c128470
_d128470